| 000 | 00473nam a2200145 a 4500 | ||
|---|---|---|---|
| 001 | 000033408 | ||
| 005 | 20200930070234.0 | ||
| 008 | 110826s1957 dr 000 0 spa d | ||
| 040 |
_aDO-SdBNP _bspa _cBNPHU |
||
| 082 |
_axxx _bB844t |
||
| 100 | 1 |
_aBretón, José _945554 |
|
| 245 | 1 | 0 |
_aTrujillo, su genio y una etapa de exaltación politica : _bEra de Trujillo / _cJosé Bretón. |
| 260 |
_aSantiago, República Dominicana : _bImpreta Vila, _c1957. |
||
| 300 |
_a18 p. ; _c20 cm. |
||
| 999 |
_c32899 _d32899 |
||